| 000 | 00740nam a2200205 i 4500 | ||
|---|---|---|---|
| 001 | 141752 | ||
| 003 | ES-MaACL | ||
| 005 | 20230906200347.0 | ||
| 007 | t| | ||
| 008 | 070927s1971 sp ||||1| spa d | ||
| 100 | 1 |
_aWade, H. W. R. _9115806 |
|
| 245 | 1 | 0 |
_aDerecho administrativo / _cH.W.R. Wade ; prólogo Manuel Pérez Olea ; [traducción, Mariano Baena del Alcazar y Elena Bardón Fernández]. |
| 260 |
_aMadrid : _bInstituto de Estudios Políticos, _c1971. |
||
| 300 |
_aLVI, 529 p. ; _c21 cm. |
||
| 700 | 1 |
_aPérez Olea, Manuel. _991056 |
|
| 700 | 1 |
_aBaena del Alcázar, Mariano. _924589 |
|
| 700 | 1 |
_aBardon Fernández, Elena. _925594 |
|
| 710 | 2 |
_aInstituto de Estudios Políticos (Madrid) _94924 |
|
| 852 |
_aES-MaACL _jC-38338 |
||
| 999 |
_c141752 _d141752 |
||